000 00516nam a2200181Ia 4500
008 090123s9999 xx 000 0 und d
082 _b16786
100 _aगोखले अरविंद
245 _aअर्धुक
250 _a1
260 _bचंद्रकला प्रकाशन
_c1987
300 _a143
600 _aगोखले अरविंद
630 _aअर्धुक
700 _aगोखले अरविंद
730 _aअर्धुक
942 _cBOOK
999 _c54849
_d54849